| 000 | 02429cam a22005894i 4500 | ||
|---|---|---|---|
| 003 | PE-LiUPU | ||
| 005 | 20250731165445.0 | ||
| 008 | 170315s2011 ag a ra 000 0 spa d | ||
| 020 | _a9789875382954 | ||
| 035 | _a(Sirsi) a167247 | ||
| 040 |
_aPE-LiUPU _bspa _cPE-LiUPU _erda |
||
| 049 | _aPRUA | ||
| 082 | 0 | 4 |
_a001.42 _bC62 _220 |
| 100 | 1 |
_aCifuentes Gil, Rosa María, _eautor. |
|
| 245 | 1 | 0 |
_aDiseño de proyectos de investigación cualitativa / _cRosa María Cifuentes Gil. |
| 250 | _a1a ed. | ||
| 264 | 1 |
_aBuenos Aires : _bNoveduc, _c2011. |
|
| 300 |
_a167 páginas : _bilustraciones ; _c23 centímetros |
||
| 336 |
_atext _2rdacontent |
||
| 337 |
_aunmediated _2rdamedia |
||
| 338 |
_avolume _2rdacarrier |
||
| 504 | _aBibliografía : páginas 149-157. | ||
| 505 | 0 | _aConcepciones que sustenta la investigación cualitativa -- Enfoques de investigación -- Modalidades, estrategias y técnicas de investigación cualitativa, modalidades y estrategias -- El proceso de construcción del proyecto de investigación: armar el rompecabezas. | |
| 526 | _aSEG44 | ||
| 526 | _aSEG26 | ||
| 526 | _aP151 | ||
| 526 | _aP150 | ||
| 526 | _aP149 | ||
| 526 | _aP146 | ||
| 526 | _aP145 | ||
| 526 | _aP126 | ||
| 526 | _aP125 | ||
| 526 | _aP92 | ||
| 526 | _aP75 | ||
| 526 | _aP74 | ||
| 526 | _aP27 | ||
| 526 | _aP15 | ||
| 541 | _gF002-00000055; | ||
| 650 | 0 | 4 | _aInvestigación cualitativa. |
| 650 | 0 | 4 |
_aEducación _xInvestigación _xMetodología. |
| 650 | 0 | 4 |
_aInvestigación _xGeneralidades. |
| 650 | 0 | 4 |
_aCiencias sociales _xInvestigación _zMetodología. |
| 910 |
_ctqv _d20170315 |
||
| 910 |
_adbm _bjpc _cjpc _d20180528 |
||
| 942 |
_2ddc _cBOOK |
||
| 949 |
_a001.42 C62 2011 _wDEWEY _c1 _iFJ07340 _lCCODEBUJ1 _mBUJ _p20.00 _r0 _sY _tBOOK _u2017-03-15 _xFCE _PP08 _0COMPRA _o.STAFF. Colección General Juliaca |
||
| 994 |
_aC0 _bPEPRU |
||
| 596 | _a1 3 | ||
| 999 |
_a001.42 C62 2011 _wDEWEY _c15999 _iFJ07340 _d15999 _f2021-12-27 _g4 _lCCODEBUJ1 _mBUJ _p20.00 _q6 _r0 _sY _tBOOK _u2017-3-15 _xFCE _PP08 _0COMPRA _o.STAFF. Colección General Juliaca |
||
| 999 |
_a001.42 C62 2011 _wDEWEY _c1 _i78458 _d2019-11-25 _e2019-11-20 _f2021-11-4 _g4 _lCCODEBUL1 _mBUL _n6 _p20.00 _q3 _r0 _sY _tBOOK _u2018-5-28 _xBIBLIOTECA _PP22 _0COMPRA _1FCOMPRA _o.STAFF. Colección Ciencias de la Salud |
||
| 980 |
_81 _gALBERTO SANCHEZ Responsable de Automatización |
||